|
|
|
|
| LEADER |
00955nam a22002537a 4500 |
| 001 |
AAL614 |
| 003 |
BD-DhAAL |
| 005 |
20160301124844.0 |
| 008 |
160301b bg a|||| |||| 001 0 mul d |
| 040 |
|
|
|a BD-DhAAL
|c BD-DhAAL
|
| 082 |
|
|
|a 344.549/201/02632
|
| 245 |
|
|
|a Lacunae in labour laws :
|b towards timely disposal of labour cases /
|c Shahdeen Malik
|
| 260 |
|
|
|a Dhaka
|b Bangladesh Legal Aid and Services Trust,
|
| 300 |
|
|
|a vii, 97 p. :
|b ill. ;
|c 24 cm.
|
| 500 |
|
|
|a Includes index.
|
| 541 |
|
|
|e 614
|
| 650 |
|
|
|a Labor laws and legislation
|z Bangladesh.
|9 18270
|
| 650 |
|
|
|a Labor laws and legislation
|9 18271
|
| 651 |
|
|
|a Bangladesh.
|9 18272
|
| 700 |
|
|
|a Malik, Shahdeen
|9 18273
|
| 852 |
|
|
|a Savar Campus Library
|c General Stacks
|
| 942 |
|
|
|2 ddc
|c BK
|
| 999 |
|
|
|c 36973
|d 36973
|
| 952 |
|
|
|0 0
|1 0
|2 ddc
|4 0
|6 344_549000000000000_201_02632_MAL
|7 0
|9 58228
|a SCL
|b SCL
|c GEN
|d 2016-03-01
|g 75.00
|l 0
|o 344.54920102632 MAL
|p 3020000614
|r 2016-03-01
|t 1
|w 2016-03-01
|y BK
|